000 00720nam a2200253Ia 4500
003 OSt
005 20220918221146.0
006 a|||||r|||| 00| 0
007 ta
008 220917b |||||||| |||| 00| 0 eng d
024 _a148,538
037 _cTextual
040 _aARTS
_cARTS
_beng
041 _2eng
_aeng
082 _aS9:5:4, M8
245 0 _aSelected models of anxiety depression and psychosis ed by P Simon Montpellier etc
260 _aBasel
_bKarger
_c1988
300 _avi,198p.
_ccm.
490 _aAnimal models of psychiatric disorders; 1
500 _aSubject Index 195-98p
650 _aANIMAL BEHAVIOUR
_929214
942 _hS9:5:4, M8
_cTEXL
_2CC
999 _c271215
_d271215